Представление документа в формате MARC21

Поле Инд. ПП Название Значение
Тип записи a
Библиографический уровень m
001 Контрольный номер 998dad47460b40819edf1bccdef75705
005 Дата корректировки 20230131155138.1
008 Кодируемые данные 230131s2018 ru |||||||||||000|||rus|d
020 a ISBN 978-5-907024-51-9
040 a Служба первич. каталог. ЦГБ г. В. Луки
b Код языка каталог. rus
041 0_ a Код языка текста rus
084 2 Источник индекса rubbk
a Индекс другой классификации/Индекс ББК 63.3(0)
090 x Авторский знак Г 67
j Имя библиотеки ЦГБ г. В. Луки
097 b Оператор КИС
100 1_ a Автор Горбовский Александр Альфредович
245 10 a Заглавие Какой была древняя цивилизация до катастрофы?
b Продолж. заглавия 16+
c Ответственность Александр Горбовский
260 a Место издания Москва
b Издательство Родина
c Дата издания 2018
300 a Объем 270, [2] с.
490 00 a Заглавие серии Неожиданные гипотезы
504 a Библиография Библиография: с. 270-271
650 14 a Основная рубрика Цивилизации
653 1_ a Ключевые слова цивилизация
901 t Тип документа m